The tide of fortune : (Record no. 13258)
[ view plain ]
| 000 -LEADER | |
|---|---|
| fixed length control field | 01941cam a22003491i 4500 |
| 001 - CONTROL NUMBER | |
| control field | 5975050 |
| 003 - CONTROL NUMBER IDENTIFIER | |
| control field | EG-ScBUE |
| 005 - DATE AND TIME OF LATEST TRANSACTION | |
| control field | 20230622135021.0 |
| 008 - FIXED-LENGTH DATA ELEMENTS--GENERAL INFORMATION | |
| fixed length control field | 741212s1941 enk f 001 0 eng d |
| 035 ## - SYSTEM CONTROL NUMBER | |
| System control number | (OCoLC)1109683 |
| 040 ## - CATALOGING SOURCE | |
| Original cataloging agency | DLC |
| Language of cataloging | eng |
| Description conventions | rda |
| Transcribing agency | NhU |
| Modifying agency | OCoLC |
| -- | TxKT |
| -- | DLC |
| -- | EG-ScBUE |
| 041 1# - LANGUAGE CODE | |
| Language code of text/sound track or separate title | eng |
| Language code of original and/or intermediate translations of text | ger |
| 082 04 - DEWEY DECIMAL CLASSIFICATION NUMBER | |
| Classification number | 904 |
| Edition number | 22 |
| Item number | ZWE |
| 100 1# - MAIN ENTRY--PERSONAL NAME | |
| Personal name | Zweig, Stefan, |
| Dates associated with a name | 1881-1942, |
| Relator term | author. |
| 9 (RLIN) | 10879 |
| 240 10 - UNIFORM TITLE | |
| Uniform title | <a href="Selections.">Selections.</a> |
| Language of a work | English. |
| 245 14 - TITLE STATEMENT | |
| Title | The tide of fortune : |
| Remainder of title | twelve historical miniaures / |
| Statement of responsibility, etc | by Stefan Zweig ; translated from the German by Eden and Cedar Paul. |
| 250 ## - EDITION STATEMENT | |
| Edition statement | Third edition. |
| 264 #1 - PUBLICATION, DISTRIBUTION, ETC. (IMPRINT) | |
| Place of publication, distribution, etc | London : |
| Name of publisher, distributor, etc | Cassell and Company Limited, |
| Date of publication, distribution, etc | 1941. |
| 300 ## - PHYSICAL DESCRIPTION | |
| Extent | viii, 285 pages ; |
| Dimensions | 22 cm |
| 336 ## - CONTENT TYPE | |
| Source | rdacontent |
| Content type term | text |
| Content type code | txt |
| 337 ## - MEDIA TYPE | |
| Source | rdamedia |
| Media type term | unmediated |
| Media type code | n |
| 338 ## - CARRIER TYPE | |
| Source | rdacarrier |
| Carrier type term | volume |
| Carrier type code | nc |
| 500 ## - GENERAL NOTE | |
| General note | Includes index. |
| 505 0# - FORMATTED CONTENTS NOTE | |
| Formatted contents note | The head upon the rostrum: Cicero's death, December 7, 43 B.C. -- The conquest of Byzantium, May 29, 1453 -- Flight into immortality: Nu�nez de Balboa discovers the Pacific, September 25, 1513 -- The Lord gave the word: Handel's Messiah, August 21, 1741 -- The genius of one night: "The Mareillaise", April 25, 1815 -- The decisive hour at Waterloo: Grouchy obeys orders, June 18, 1815 -- The Marienbad elegy: Goethe's last love, September 5, 1823 -- El Dorado: The gold of California, January 12, 1848 -- First word across the Atlantic: Cyrus Field's cable, August 5, 1858 -- Quest of the South Pole; Scott reaches the Pole, January 16, 1912 -- The sealed train: Lenin leaves Z�urich, April 9, 1917 -- Wilson's failure, March 15, 1919. |
| 546 ## - LANGUAGE NOTE | |
| Language note | Text in English ; translated from the original Germany.<br/> |
| 650 #7 - SUBJECT ADDED ENTRY--TOPICAL TERM | |
| Topical term or geographic name as entry element | Adventure and adventurers. |
| Source of heading or term | BUEsh |
| 9 (RLIN) | 10878 |
| 655 ## - INDEX TERM--GENRE/FORM | |
| Form subdivision | Reading book |
| 700 1# - ADDED ENTRY--PERSONAL NAME | |
| Personal name | Paul, Eden, |
| Dates associated with a name | 1865-1944, |
| Relator term | translator. |
| 9 (RLIN) | 10880 |
| 700 1# - ADDED ENTRY--PERSONAL NAME | |
| Personal name | Paul, Cedar, |
| Relator term | translator. |
| 9 (RLIN) | 10881 |
| 942 ## - ADDED ENTRY ELEMENTS (KOHA) | |
| Source of classification or shelving scheme | Dewey Decimal Classification |
| Koha item type | Book - Borrowing |
| Withdrawn status | Lost status | Source of classification or shelving scheme | Damaged status | Not for loan | Collection code | Home library | Current library | Shelving location | Date acquired | Source of acquisition | Total Checkouts | Total Renewals | Full call number | Barcode | Date last seen | Date checked out | Price effective from | Koha item type |
|---|---|---|---|---|---|---|---|---|---|---|---|---|---|---|---|---|---|---|
| Dewey Decimal Classification | Donation-Gift | Central Library | Central Library | Second Floor | 02/02/2010 | Donation | 1 | 5 | 904 ZWE | 000019485 | 15/07/2025 | 21/11/2011 | 02/02/2010 | Book - Borrowing |